[Event "Ceske Budejovice GM 2018"]
[Site "Ceske Budejovice"]
[Date "2018.06.23"]
[Round "3"]
[White "Stefansson, Hannes"]
[Black "Nguyen, Piotr"]
[Result "1-0"]
[WhiteElo "2541"]
[BlackElo "2397"]
[Annotator "TA"]
[PlyCount "87"]
[EventDate "2018.06.21"]
[EventCountry "CZE"]
[SourceTitle "playchess.com"]
[Source "ChessBase"]
[SourceQuality "1"]

{[%evp 15,87,18,28,11,20,27,42,21,42,14,8,22,49,0,0,0,-7,-5,4,-22,14,2,46,9,0,4,27,8,33,29,14,18,104,105,102,101,110,58,62,59,60,60,99,91,83,82,106,94,98,8,280,289,276,275,449,437,946,858,1005,985,5907,5903,29976,29977,29977,29978,29977,29979,29979,29980,29980,29981,29981,29980]} 1. d4 f5 2. g3 Nf6 3. Bg2 g6 4. Nf3 Bg7 5. O-O O-O 6. c4 d6 7. Nc3 Qe8 8. Qb3 Na6 {LiveBook: 26 Games} 9. d5 {A87: Dutch Defence: Leningrad System: 5 Nf3} (9. Bg5 Kh8 10. Nd5 Ng8 11. Bd2 e5 12. dxe5 dxe5 13. e4 c6 14. Nc3 f4 15. Rae1 Nc5 16. Qa3 Ne6 {½-½ (41) Sonis,F (2448)-Christiansen,J (2504) Porto Mannu 2018}) 9... c6 10. Be3 c5 11. Bg5 {White is slightly better.} Nc7 12. a4 $146 ({Predecessor:} 12. Nd2 Rb8 13. a4 Bd7 14. Nb5 Bxb5 15. axb5 a6 16. b6 Na8 17. e4 fxe4 {½-½ (37) Wrinn,S (2330)-Voetter,H (2320) ICCF corr 1991}) 12... Qf7 13. e4 e5 14. dxe6 ({Better is} 14. Rae1 $14) 14... Bxe6 $11 15. Nd2 Nxe4 16. Ncxe4 fxe4 17. Bf4 Ne8 18. Qc2 h6 19. Rac1 ({Reject} 19. Qxe4 g5 $15) 19... g5 20. Be3 Nf6 21. Nxe4 Ng4 22. Nxd6 Qh5 $1 {[%csl Gg4][%cal Rh5h2] [#]} 23. h3 $1 {[%cal Rh3g4]} Nxe3 (23... Ne5 $1 $11 {keeps the balance.}) 24. fxe3 $16 g4 {next ...Qe5 is good for Black.} 25. Qe4 Qe5 26. Qxe5 (26. Nxb7 $16 Rxf1+ 27. Rxf1) 26... Bxe5 $14 27. Nxb7 ({Stronger than} 27. Bxb7 Bxd6 28. Bxa8 Rxa8 $17) 27... Rxf1+ 28. Rxf1 gxh3 29. Bd5 Bxd5 30. cxd5 $16 {[%mdl 4096] [#] Endgame d6 is the strong threat. KRB-KRN} Rb8 31. Nxc5 {aiming for Nd7.} Rxb2 32. Rf2 (32. Ne4 $16) 32... Rb1+ $2 {[%mdl 8192]} (32... Rxf2 $11 33. Kxf2 h2) 33. Kh2 $18 Rd1 34. e4 ({Weaker is} 34. Kxh3 Rxd5 35. Ne4 Rd3 $16) 34... Re1 $2 (34... Bd4 35. Rc2 Re1 36. Kxh3 Bxc5) 35. Rf5 Bd4 (35... Bd6 $142 36. Nd7 Be7) 36. d6 {And now d7 would win.} Rd1 37. Nb7 Kg7 38. Rd5 Kf6 39. d7 {White mates.} Bg1+ 40. Kxh3 Rxd5 41. exd5 Bb6 42. d8=Q+ Bxd8 43. Nxd8 Ke5 44. Nc6+ {Precision: White = 41%, Black = 20%.} 1-0

[Event "Ceske Budejovice GM 2018"]
[Site "Ceske Budejovice"]
[Date "2018.06.23"]
[Round "3"]
[White "Simacek, Pavel"]
[Black "Cernousek, Lukas"]
[Result "1/2-1/2"]
[WhiteElo "2490"]
[BlackElo "2462"]
[Annotator "TA"]
[PlyCount "26"]
[EventDate "2018.06.21"]
[EventCountry "CZE"]
[SourceTitle "playchess.com"]
[Source "ChessBase"]
[SourceQuality "1"]

{[%evp 15,26,-11,-14,-45,-20,-30,-19,-11,0,-12,0,-4,36]} 1. e4 e5 2. Nf3 Nf6 3. Nxe5 d6 4. Nc4 Nxe4 5. Nc3 Nxc3 6. bxc3 g6 {C42: Petroff Defence: 3 Nxe5 and unusual White 3rd moves} 7. d4 Bg7 8. Bd3 O-O {LiveBook: 13 Games} 9. h4 {[%cal Bh2h4,Bh4h5][%mdl 32]} Re8+ 10. Kf1 d5 $146 ({Predecessor:} 10... h5 11. Bg5 Qd7 12. Ne3 Qc6 13. Rb1 a6 14. c4 {1-0 (123) Inarkiev,E (2674)-Chadaev,N (2573) Olginka 2011}) 11. Ne3 {The position is equal.} c5 12. Rb1 Nc6 13. h5 $1 c4 1/2-1/2

[Event "Ceske Budejovice GM 2018"]
[Site "Ceske Budejovice"]
[Date "2018.06.23"]
[Round "3"]
[White "Svoboda, Svatopluk"]
[Black "Voloshin, Leonid"]
[Result "1-0"]
[WhiteElo "2434"]
[BlackElo "2383"]
[Annotator "TA"]
[PlyCount "59"]
[EventDate "2018.06.21"]
[EventCountry "CZE"]
[SourceTitle "playchess.com"]
[Source "ChessBase"]
[SourceQuality "1"]

{[%evp 20,59,37,38,43,47,37,30,41,37,54,46,54,56,43,48,135,136,129,122,220,210,299,282,299,288,334,337,458,474,468,466,466,455,459,439,535,497,495,512,495,490]} 1. e4 {Bologan,V} e5 2. Bc4 Nf6 3. d3 Nc6 4. Nf3 Be7 5. O-O O-O 6. Re1 d6 7. a4 Bg4 8. h3 {C55: Two Knights: 4 d3, 4 d4 exd4 5 e5 and Max Lange Attack} Bh5 9. c3 d5 10. exd5 Nxd5 11. a5 {LiveBook: 11 Games} a6 12. Nbd2 Kh8 13. Ne4 f6 14. Qb3 Bxf3 15. Bxd5 {[#]} Bh5 $146 16. Be3 Rb8 17. Bc5 $36 {[%mdl 2048] White has some pressure.} Bd6 {[#]} (17... b6 $14 18. axb6 (18. Bxc6 bxc5 19. Qc4 Rxb2 $14) 18... cxb6) 18. Bxc6 $1 $16 bxc6 19. Qa3 $1 {[%cal Re4d6]} Bxc5 (19... Bf7 $16 {was worth a try.}) 20. Nxc5 $18 Qd6 (20... Qc8 $142 21. d4 exd4 22. cxd4 Rd8) 21. Nxa6 Qxa3 22. Rxa3 ({Less strong is} 22. bxa3 Ra8 $14) 22... Rxb2 23. Nxc7 Rc8 24. a6 {White is clearly winning.} Rxc7 25. a7 Rxa7 26. Rxa7 {[#] Ra8+ would kill now.} h6 27. Rc7 Rb6 28. Ra1 Bg6 29. Ra8+ Kh7 30. Raa7 {Precision: White = 98%, Black = 44%.} 1-0

[Event "Ceske Budejovice GM 2018"]
[Site "Ceske Budejovice"]
[Date "2018.06.23"]
[Round "3"]
[White "Plischki, Sebastian"]
[Black "Mirzoev, Azer"]
[Result "1/2-1/2"]
[WhiteElo "2413"]
[BlackElo "2506"]
[Annotator "TA"]
[PlyCount "92"]
[EventDate "2018.06.21"]
[EventCountry "CZE"]
[SourceTitle "playchess.com"]
[Source "ChessBase"]
[SourceQuality "1"]

{[%evp 23,92,46,41,30,44,40,21,25,20,0,19,12,18,31,30,40,31,5,4,2,25,26,37,0,0,0,0,0,0,0,0,0,0,0,0,0,0,0,0,0,0,-24,0,0,0,0,0,-35,-14,-59,-48,-61,-62,-63,-63,-73,-55,-55,-55,-55,-55,-86,-84,-84,-84,-84,-56,-56,-40,-43,0]} 1. d4 d5 2. c4 c6 3. Nf3 Nf6 4. Nc3 dxc4 5. a4 Bf5 6. Ne5 e6 7. f3 c5 8. e4 {D17: Slav Defence: 5 a4 Bf5: Lines with 6 Nh4 and 6 Ne5} Bg6 9. Be3 cxd4 10. Qxd4 Qxd4 11. Bxd4 Nfd7 12. Nxd7 Nxd7 {LiveBook: 95 Games} 13. Bxc4 Rc8 (13... a6 14. h4 h6 15. Rd1 Rg8 {1-0 (30) Matlakov,M (2728)-Aronian,L (2799) Tbilisi 2017}) 14. Bb5 a6 15. Bxd7+ Kxd7 16. h4 $146 h5 17. Kf2 f6 18. Rhd1 {aiming for Bxf6+.} Kc7 19. e5 (19. Rac1 {looks sharper.} Kb8 20. Bb6 Be7 21. Rd7 Rhe8 22. Ne2) 19... Be7 20. Ne2 Kb8 21. Bc3 Rhd8 22. Nf4 Bf7 23. g3 Rc4 24. a5 Kc8 25. Rxd8+ Bxd8 26. Re1 Kd7 27. Rd1+ Ke8 28. Rxd8+ (28. Nd3 {feels hotter.} Be7 29. Rh1 Rc8 30. Ke2 Bg6 31. Nf4) 28... Kxd8 29. exf6 gxf6 30. Bxf6+ $11 {[%mdl 4096] Endgame KRB-KBN} Kd7 31. Bc3 Kd6 32. Ke3 Be8 33. Nd3 Ra4 34. Bb4+ Kd5 35. Nf4+ Ke5 36. g4 Kf6 37. Bc3+ e5 38. Nd5+ Kf7 39. Nb6 Ra1 40. Nc4 Ke6 41. Nxe5 Rh1 42. Nd3 hxg4 43. fxg4 Rxh4 44. Nf4+ Kd6 45. g5 Ke7 46. g6 Rxf4 {Precision: White = 54%, Black = 63%.} 1/2-1/2

[Event "Ceske Budejovice GM 2018"]
[Site "Ceske Budejovice"]
[Date "2018.06.23"]
[Round "3"]
[White "Bures, Jaroslav"]
[Black "Ovsejevitsch, Sergei"]
[Result "0-1"]
[WhiteElo "2406"]
[BlackElo "2602"]
[Annotator "TA"]
[PlyCount "84"]
[EventDate "2018.06.21"]
[EventCountry "CZE"]
[SourceTitle "playchess.com"]
[Source "ChessBase"]
[SourceQuality "1"]

{[%evp 23,84,0,0,0,0,-22,-12,-82,-63,-96,-104,-116,-106,-111,-112,-224,-208,-252,-221,-333,-331,-299,-316,-313,-307,-435,-414,-373,-368,-355,-350,-664,-438,-439,-419,-423,-349,-475,-320,-331,-331,-414,-351,-354,-354,-354,-354,-359,-200,-349,-349,-344,-344,-354,-352,-339,-339,-466,-437,-760,-669,-591,-559]} 1. d4 Nf6 2. c4 e6 3. Nc3 Bb4 4. e3 O-O 5. Bd3 c5 6. Nge2 d5 7. cxd5 cxd4 8. exd4 Qxd5 9. O-O Qh5 10. Bf4 Nc6 11. Qb3 Be7 {E48: Nimzoindisch (Moderne Variante)} 12. Rad1 b6 {LiveBook: 4 Partien} 13. Bg3 Bb7 {Die Stellung ist ausgeglichen.} 14. Nf4 $146 ({Vorgänger:} 14. a3 Rfd8 15. Bb1 Bd6 16. Qc2 Bxg3 17. Nxg3 Qh4 18. d5 exd5 19. Rfe1 {0-1 (61) Bagirov,V (2485)-Gurevich,M (2510) Baku 1986}) 14... Qh6 15. Rfe1 (15. d5 $11 {bleibt in der Remisbreite.} Na5 16. Qb5) 15... Nxd4 16. Qa4 Bc5 17. b4 Bc6 18. b5 Bb7 19. Re5 (19. Bb1 $17 Rfd8 20. Nd3) 19... Rfd8 $19 20. h4 g6 21. Rde1 (21. Be4 $142 Nxe4 22. Nxe4) 21... Nf5 22. Bxf5 gxf5 23. Rxc5 bxc5 24. Qc4 (24. Qc2 $142) 24... Rd4 25. Qxc5 Rxf4 26. Qc7 {[#]} Re4 $1 27. Rd1 $2 (27. Nxe4 Bxe4 28. f3) 27... Bd5 28. Nxe4 Nxe4 ({Bloß nicht} 28... Bxe4 29. f3 $19) 29. Rd3 Qg7 30. Bf4 f6 31. Qxg7+ Kxg7 32. Ra3 Kg6 33. f3 Nc5 34. Be3 Nd7 35. Ra6 {[#]} Bb7 (35... Nb6 $142 $1 {zielt auf ...Lb7 ab.} 36. a4 (36. Bxb6 axb6) 36... e5) 36. Rxa7 (36. Rxe6 {war einen Versuch wert.} Kf7 37. Rd6) 36... Rxa7 37. Bxa7 Bd5 38. a4 Bb3 39. a5 Bc4 40. Kf2 Bxb5 {Schwarz steht klar auf Gewinn.} 41. g4 (41. f4 $142) 41... fxg4 42. fxg4 h5 {Precision: Weiß = 28%, Schwarz = 64%.} 0-1

[Event "Ceske Budejovice GM 2018"]
[Site "Ceske Budejovice"]
[Date "2018.06.24"]
[Round "4"]
[White "Mirzoev, Azer"]
[Black "Bures, Jaroslav"]
[Result "1/2-1/2"]
[WhiteElo "2506"]
[BlackElo "2406"]
[Annotator "TA"]
[PlyCount "85"]
[EventDate "2018.06.21"]
[EventCountry "CZE"]
[SourceTitle "playchess.com"]
[Source "ChessBase"]
[SourceQuality "1"]

{[%evp 13,85,13,29,-19,0,0,48,41,52,41,41,44,55,52,46,52,52,60,81,89,88,63,65,69,63,67,67,65,66,17,19,12,15,20,32,28,18,39,40,29,38,26,30,0,0,0,0,-7,16,-42,13,11,8,8,7,5,6,0,0,0,0,0,0,-4,0,0,0,0,0,0,0,0,0,0]} 1. d4 Nf6 2. Nf3 g6 3. Nbd2 d5 4. e3 Bg7 5. b4 O-O 6. c4 c6 7. Bb2 Bg4 {LiveBook: 28 Games} 8. Qb3 {A48: 1 d4 Nf6 2 Nf3 g6: Torre, London and Colle Systems} Bxf3 9. Nxf3 a6 $146 ({Predecessor:} 9... Nbd7 10. Be2 a5 11. O-O axb4 12. Qxb4 e6 13. Nd2 Ra7 14. c5 Qe7 15. Bc3 e5 {½-½ (102) Kurajica,B (2520)-Vukic,M (2500) Cetinje 1991}) 10. a4 {White is slightly better.} Nbd7 11. Be2 dxc4 12. Bxc4 b5 13. Be2 Nb6 14. a5 Qd5 15. Qc2 Nc4 16. Bxc4 bxc4 17. O-O Rfb8 18. Rfc1 Rxb4 19. Ba3 Rb5 20. Bxe7 Re8 21. Ba3 (21. Bxf6 $5 Bxf6 22. Qxc4 $14) 21... Ne4 22. Qxc4 Qxc4 23. Rxc4 Rxa5 24. Rxc6 Bf8 {[#] Strongly threatening ...Rb8.} 25. Bb2 Rxa1+ 26. Bxa1 Rb8 {( -> ...Rb1+)} 27. Rc1 a5 28. g4 a4 29. Kg2 a3 30. d5 Rb5 31. Rc4 (31. Rc8 $11) 31... f5 (31... Nc5 $15) 32. gxf5 $11 {The position is equal.} gxf5 33. Rc8 {Black should prevent Rd8.} Rxd5 34. Ra8 Rc5 35. Be5 Rc2 36. Bg3 {[#] And now Nd4 would win.} Nxg3 37. hxg3 {[%mdl 4096] Endgame Nd4 is the strong threat. KRB-KRN} Kf7 38. Nd4 Rd2 39. Ra7+ Kg6 40. Kf3 a2 41. Ra6+ Kf7 42. Ra7+ Kg6 43. Ra6+ {Precision: White = 66%, Black = 62%.} 1/2-1/2

[Event "Ceske Budejovice GM 2018"]
[Site "Ceske Budejovice"]
[Date "2018.06.24"]
[Round "4"]
[White "Cernousek, Lukas"]
[Black "Plischki, Sebastian"]
[Result "1/2-1/2"]
[WhiteElo "2462"]
[BlackElo "2413"]
[Annotator "TA"]
[PlyCount "51"]
[EventDate "2018.06.21"]
[EventCountry "CZE"]
[SourceTitle "playchess.com"]
[Source "ChessBase"]
[SourceQuality "1"]

{[%evp 23,51,0,0,0,10,-10,-11,-10,-12,-18,-16,-15,-11,-29,-30,-29,-31,-24,-27,-64,-64,-64,-65,-64,-64,-64,-64,-64,-58,-68]} 1. e4 c5 2. Nf3 Nc6 3. d4 cxd4 4. Nxd4 Nf6 5. Nc3 e5 6. Ndb5 {[%cal Bd4b5,Bb5a3,Ba3c4][%mdl 32]} d6 7. Bg5 a6 8. Na3 Be6 9. Nc4 {B33: Sicilian: Pelikan and Sveshnikov Variations} Rb8 10. Ne3 (10. Nd5 Bxd5 11. Bxf6 Qxf6 12. Qxd5 Nb4 13. Qd2 d5 14. a3 dxc4 15. axb4 Rd8 16. Qe3 Qg6 {½-½ (30) Harikrishna,P (2752)-Radjabov,T (2722) Monzon 2016}) 10... Be7 {[%cal Bf8e7,Be7f6,Bf6g5,Bg5d8][%mdl 32]} 11. Bxf6 Bxf6 12. Ncd5 Bg5 {LiveBook: 6 Games} 13. c3 O-O {[#]} 14. g3 $146 ({Predecessor:} 14. Be2 Bxe3 15. Nxe3 b5 16. O-O a5 {½-½ (24) Schroeder,J (2552)-Piorun,K (2640) Germany 2018}) 14... Ne7 15. Nxe7+ Qxe7 16. Nd5 Qd7 17. h4 Bd8 18. Bc4 {[%cal Bf1c4,Bc4b3,Bb3c2,Bc2e4][%mdl 32]} Kh8 19. Qd2 b5 20. Bb3 a5 21. a3 f5 {Black is slightly better.} 22. exf5 Rxf5 23. O-O Qf7 24. Bc2 Rh5 $1 25. Be4 g5 $1 {[%cal Rg5h4]} 26. hxg5 {Precision: White = 61%, Black = 90%.} 1/2-1/2

[Event "Ceske Budejovice GM 2018"]
[Site "Ceske Budejovice"]
[Date "2018.06.24"]
[Round "4"]
[White "Svoboda, Svatopluk"]
[Black "Stefansson, Hannes"]
[Result "1/2-1/2"]
[WhiteElo "2434"]
[BlackElo "2541"]
[Annotator "TA"]
[PlyCount "31"]
[EventDate "2018.06.21"]
[EventCountry "CZE"]
[SourceTitle "playchess.com"]
[Source "ChessBase"]
[SourceQuality "1"]

{[%evp 21,23,13,18,10]} 1. e4 e5 2. Nf3 Nc6 3. Bc4 Bc5 4. O-O d6 5. c3 Nf6 6. d3 h6 7. Re1 O-O {C54: Giuoco Piano: 4 c3 Nf6, main lines with 5 d4 and 5 d3} 8. Nbd2 (8. h3 a5 9. Nbd2 Be6 10. Bb5 Qb8 11. Nf1 Qa7 12. Re2 a4 13. Ng3 Qa5 14. Bxc6 bxc6 15. Nh4 Rfe8 16. Re1 {½-½ (28) Mamedyarov,S (2808)-Karjakin,S (2782) Stavanger 2018}) 8... Ne7 9. h3 Ng6 10. Nf1 Bb6 11. Bb3 Be6 {LiveBook: 4 Games} 12. Bc2 {Predecessor:} Re8 $146 13. d4 Nh5 14. Be3 Nhf4 15. Kh2 c6 16. Ng1 {1-0 (91) Felgaer,R (2582)-Perez Ponsa,F (2533) Asuncion 2015} 1/2-1/2

[Event "Ceske Budejovice GM 2018"]
[Site "Ceske Budejovice"]
[Date "2018.06.24"]
[Round "4"]
[White "Nguyen, Piotr"]
[Black "Simacek, Pavel"]
[Result "0-1"]
[WhiteElo "2397"]
[BlackElo "2490"]
[Annotator "TA"]
[PlyCount "122"]
[EventDate "2018.06.21"]
[EventCountry "CZE"]
[SourceTitle "playchess.com"]
[Source "ChessBase"]
[SourceQuality "1"]

{[%evp 17,122,32,42,44,55,42,43,14,14,9,16,8,10,14,23,22,69,63,82,79,86,84,119,93,95,93,80,80,108,79,83,45,44,44,45,38,34,39,45,42,33,0,38,4,4,4,9,4,9,-197,68,70,91,77,100,-50,118,-8,-8,-8,-8,-217,6,-34,-34,-34,-31,-31,-17,-17,-17,-42,-42,-79,-69,-85,-42,-41,-20,-35,-34,-32,-22,-22,-21,-22,-22,-23,-17,-17,-17,-17,-17,-17,-8,-17,0,0,0,0,0,-29977,-1,-29994,-29987,-29994,-29995]} 1. d4 d5 2. Bf4 c5 3. e3 cxd4 4. exd4 Nc6 5. c3 Nf6 6. Nd2 g6 7. Ngf3 Bg7 8. Be2 O-O 9. O-O Bg4 {LiveBook: 3 Partien. B13: Caro-Kann (Abtausch-Variante 4.c4)} 10. Re1 (10. Ne5 Bxe2 11. Qxe2 Rc8 12. h3 e6 13. Nxc6 Rxc6 14. Be5 Nd7 15. Bxg7 Kxg7 16. Nf3 Qf6 17. Rfe1 {½-½ (33) Grachev,B (2645)-Rakhmanov,A (2654) Sochi 2017}) 10... Nh5 11. Be3 Nf6 $146 {Weiß steht etwas besser.} ({Vorgänger:} 11... f5 12. Nf1 Qd6 13. h3 Bxf3 14. Bxf3 Nf6 15. Qc1 Ne4 16. Bf4 {0-1 (38) Hurpeau,J (2000)-Kropp,V (2114) France 2003}) 12. Ne5 Bxe2 13. Qxe2 Rc8 14. Bg5 Re8 15. Qf3 (15. Nxf7 Kxf7 16. Qe6+ Kf8 $17) 15... b5 16. a4 $36 {[%mdl 2048] Weiss steht aktiver.} b4 17. Nxc6 Rxc6 18. cxb4 Qb6 19. b5 Rc2 20. Qb3 Rec8 21. Nf3 Ne4 22. Be3 e6 23. a5 Qb7 24. Ne5 Nd6 $1 25. b6 Nf5 26. a6 Qxb6 27. Qxb6 axb6 28. b4 b5 29. Ra5 Ra8 30. Rea1 Bxe5 (30... Nxe3 $6 31. fxe3 Bxe5 32. dxe5 $16) 31. dxe5 {Lc5 ist eine echte Drohung.} d4 32. Bf4 d3 $1 33. a7 $2 (33. Rd1 $11 {und Weiss ist OK.}) 33... d2 $2 (33... Nd4 $1 $19 {[%cal Rd4e2] zielt auf ...Se2+ ab.} 34. Kf1 Nb3) 34. Rd1 $14 Rc7 35. g4 ({Bitte nicht} 35. Rxb5 Rcxa7 36. Bxd2 Rd7 $11) 35... Nd4 36. Be3 (36. Bxd2 $16 {Und weiter mit Le3 wäre nett.} Nf3+ 37. Kg2 Nxd2 38. Rxd2 (38. Rxb5 Rcxa7 39. Rxd2 Kg7 $16)) 36... Nb3 $2 {[#]} (36... Rc1 $1 $15 {behält die Oberhand.} 37. Rxc1 dxc1=R+ 38. Bxc1 Ne2+ 39. Kf1 Nxc1) 37. Rxb5 (37. Ra2 $1 $16) 37... Raxa7 $11 {Droht stark ...Tc1.} 38. Rb8+ ({Jedoch nicht} 38. Bxa7 $2 Rc1 $19) 38... Kg7 {Und ...Tc1 würde nun gewinnen.} 39. Rd8 $2 {[#]} (39. Kg2 $11 Rab7 40. Rxb7 Rxb7 41. Bxd2) 39... Rab7 $2 (39... Rc1 $1 $19 {[%cal Rc1d1]} 40. R8xd2 Raa1 41. Rxc1 Rxc1+ 42. Kg2 Nxd2 43. Bxd2 Rc2) 40. Bxd2 (40. Bg5 {is interesting.} Rc1 41. R8xd2 Nxd2 42. Bf6+ Kh6 43. Rxc1 Rxb4 44. h3) 40... Nxd2 41. R1xd2 Rxb4 {[%mdl 4096] Endspiel KTT-KTT} 42. R8d4 Rc1+ 43. Kg2 Rbb1 44. Re4 Rg1+ 45. Kf3 g5 46. Re3 Rh1 47. Kg2 Rbe1 48. Rde2 Reg1+ 49. Kh3 Kg6 (49... Rb1 {looks sharper.} 50. Re4 Rhf1 51. R4e3 Ra1 52. Rb2 Ra4) 50. Rg3 Ra1 (50... Re1 {feels hotter.} 51. Rge3 Rb1 52. Rf3 Rhg1 53. Re4 Rbe1) 51. Rf3 Rhg1 52. Re4 Kg7 53. Rb4 {Droht Tb7.} Ra7 54. Re4 h6 55. Rg3 Raa1 56. Rf3 h5 57. gxh5 Kh6 58. Rxf7 Kxh5 59. Rh7+ Kg6 {( -> ...Ta3+)} 60. Re7 $2 {[%mdl 8192]} (60. Rh8 $11) 60... Ra8 61. Rxe6+ Kf5 {Precision: Weiß = 38%, Schwarz = 46%.} 0-1

[Event "Ceske Budejovice GM 2018"]
[Site "Ceske Budejovice"]
[Date "2018.06.24"]
[Round "4"]
[White "Voloshin, Leonid"]
[Black "Ovsejevitsch, Sergei"]
[Result "1/2-1/2"]
[WhiteElo "2383"]
[BlackElo "2602"]
[Annotator "TA"]
[PlyCount "44"]
[EventDate "2018.06.21"]
[EventCountry "CZE"]
[SourceTitle "playchess.com"]
[Source "ChessBase"]
[SourceQuality "1"]

{[%evp 23,24,31,22]} 1. d4 d5 2. c4 e6 3. Nc3 Nf6 4. cxd5 exd5 5. Bg5 Be7 6. e3 c6 7. Bd3 Nbd7 8. Nf3 O-O 9. O-O Re8 10. Qc2 Nf8 11. Rab1 Ng6 12. b4 a6 {LiveBook: 40 Games} {Predecessor:} 13. a4 $146 Ne4 14. Bxe7 Qxe7 15. Bxe4 dxe4 16. Nd2 f5 17. b5 axb5 18. axb5 Be6 19. bxc6 bxc6 20. Ne2 Bd5 21. Nc4 Qf8 22. g3 Reb8 {½-½ (31) Soltau,A (2632)-Pinkovetsky,S (2666) ICCF email 2005} 1/2-1/2

[Event "Ceske Budejovice GM 2018"]
[Site "Ceske Budejovice"]
[Date "2018.06.25"]
[Round "5"]
[White "Ovsejevitsch, Sergei"]
[Black "Mirzoev, Azer"]
[Result "1/2-1/2"]
[WhiteElo "2602"]
[BlackElo "2506"]
[Annotator "TA"]
[PlyCount "73"]
[EventDate "2018.06.21"]
[EventCountry "CZE"]
[SourceTitle "playchess.com"]
[Source "ChessBase"]
[SourceQuality "1"]

{[%evp 28,73,12,12,20,26,25,24,65,25,29,12,11,18,13,13,12,27,14,17,11,11,15,14,17,-2,0,0,0,0,6,0,0,0,0,0,0,0,0,0,0,0,0,0,0,0,0,0]} 1. d4 d5 2. c4 e6 3. Nc3 Be7 4. Nf3 Nf6 5. Bg5 h6 6. Bh4 O-O 7. e3 Ne4 8. Bxe7 Qxe7 9. Rc1 c6 10. Be2 Nd7 11. O-O Nxc3 12. Rxc3 dxc4 13. Bxc4 e5 14. Bb3 Rd8 {D56: Queen's Gambit Declined: Lasker Defence} (14... Re8 15. Re1 e4 16. Nd2 Nf6 17. Rc5 Be6 18. Re5 Bxb3 19. Qxb3 Qc7 20. Rf5 Nd5 21. Rc1 Qb6 22. Re5 Qxb3 23. axb3 Rxe5 24. dxe5 {½-½ (60) Grischuk,A (2736)-Anand,V (2788) Moscow 2009}) 15. Re1 {LiveBook: 19 Games} e4 16. Nd2 Nf6 $146 {White has an edge.} ({Predecessor:} 16... Re8 17. Qb1 Nf6 18. Rc5 Be6 19. Bxe6 Qxe6 20. Re5 Qg4 21. h3 Qg6 22. Rd1 {½-½ (40) Molo,R (2320)-Rodriguez Landa,M (2458) ICCF email 2011}) 17. Rc5 Nd5 18. Qh5 f5 19. f3 exf3 20. Qxf3 {[%cal Rb3d5]} Be6 {[%cal Bc8e6,Be6d5,Bd5g8,Bg8h7][%mdl 32]} 21. e4 fxe4 $1 22. Qxe4 Re8 23. Bc2 {The position is equal.} Nf6 24. Qd3 {aiming for Ne4.} Qd7 25. Rce5 {[#] Threatens to win with Ne4.} Bd5 26. Nf1 Kh8 27. Ng3 Bg8 28. Qc3 Bh7 29. Bb3 Rad8 30. h3 Bg6 31. Ne2 Bf7 32. Nf4 Bxb3 33. axb3 Nd5 34. Nxd5 cxd5 35. Qg3 Rxe5 36. Rxe5 Rf8 37. Qg6 {Precision: White = 76%, Black = 75%.} 1/2-1/2

[Event "Ceske Budejovice GM 2018"]
[Site "Ceske Budejovice"]
[Date "2018.06.25"]
[Round "5"]
[White "Stefansson, Hannes"]
[Black "Voloshin, Leonid"]
[Result "1/2-1/2"]
[WhiteElo "2541"]
[BlackElo "2383"]
[Annotator "TA RC"]
[PlyCount "73"]
[EventDate "2018.06.21"]
[EventCountry "CZE"]
[SourceTitle "playchess.com"]
[Source "ChessBase"]
[SourceQuality "1"]

{[%evp 19,73,-12,8,9,52,38,58,43,30,0,0,0,0,-14,0,0,4,8,8,8,16,8,18,24,27,29,29,21,31,6,6,6,6,6,6,6,6,0,0,0,0,0,41,0,0,0,0,0,0,0,0,0,0,0,0,0]} 1. e4 e5 2. Nf3 Nc6 3. Bb5 Nf6 4. O-O Nxe4 5. d4 Nd6 6. Bxc6 dxc6 7. dxe5 Nf5 8. Qxd8+ Kxd8 9. Nc3 Be6 10. b3 {C67: Ruy Lopez: Berlin Defence: 4 0-0 Nxe4} (10. Rd1+ Ke8 11. Ng5 Bc8 12. h3 Be7 13. Bf4 Nh4 14. e6 f6 15. Nf7 Rg8 16. Bxc7 Bxe6 17. Nd6+ Bxd6 18. Bxd6 Kf7 {½-½ (37) Aronian,L (2820)-Kramnik,V (2801) Zuerich 2012 CBM 148 [Kritz,L]}) 10... Bb4 {LiveBook: 9 Games} 11. Ne2 h5 $146 ({Predecessor:} 11... Bd5 12. Ng5 h6 13. Nh3 a5 14. Nhf4 Ke7 15. Nd3 Be4 16. Nxb4 axb4 17. Bd2 c5 {½-½ (49) Varga,D (2330)-Meszaros,M (2383) Brezova pod Bradlom 2010}) 12. Ng5 {White is slightly better.} Ke8 13. Nxe6 fxe6 14. Bg5 Be7 15. Bxe7 Kxe7 16. Rad1 Rad8 17. Nf4 {[#] And now Ng6+ would win.} Kf7 18. c3 g6 19. g3 c5 20. h4 Ne7 21. Nh3 {[#] Threatens to win with Ng5+.} Nc6 22. Ng5+ Ke7 23. f4 b6 24. Ne4 Rxd1 25. Rxd1 Rd8 26. Rxd8 (26. Rc1 {with more complications.} Ke8 27. Kf2 Ne7 28. Ke3 Nf5+ 29. Ke2) 26... Kxd8 $11 {[%mdl 4096] Endgame KN-KN} 27. Kf2 Ne7 $1 28. g4 hxg4 29. Kg3 Nf5+ 30. Kxg4 Ke7 31. h5 (31. Ng3 $5 {[%cal Rg3f5]} Ne3+ 32. Kf3 $11) 31... gxh5+ {The position is equal.} 32. Kxh5 Kf7 33. Kg4 c4 34. b4 Ne3+ 35. Kg5 Nd5 36. b5 Ke7 37. Kg4 {Precision: White = 35%, Black = 60%.} 1/2-1/2